000 00466nam a2200133 a 4500
008 120416s1979 ||||||||||||||||| || u
050 _aTA 656 Kir
100 _aKirby, P. A
245 1 0 _aDesign for structural stability
260 _aLondon
_bGrenada
_c[1979]
300 _axiv, 165p. : ill.
350 _a0.00
995 _D0.00
_FCBU-MAIN LIBRARY (Kitwe)
_H1
_I0.00
_M1
_UAVAILABLE
_ZAnnex Low-Usage Collection
999 _c39690
_d39690